| 000 | 00449nam a22001217a 4500 | ||
|---|---|---|---|
| 082 | _a200 THE | ||
| 100 |
_aSheikh Waqas Akhtar _969954 |
||
| 245 | _aTH-SOF-1351-Improving robustness of neural network using K-Support norm based adversarial training | ||
| 260 |
_aIslamabad _bNUST College of EME _c2016 |
||
| 650 | _aMS-COMPUTER ENGINEERING-81 MSTHESIS | ||
| 700 |
_a Supervisor Dr. Saad Rehman Co. Supervisor Dr. Mahmood Akhtar _969955 |
||
| 942 | _cCF | ||
| 999 |
_c577025 _d577025 |
||